| 000 | 00666nam a2200265Ia 4500 | ||
|---|---|---|---|
| 008 | 190123s9999 xx 000 0 und d | ||
| 020 | _a9780531214398 | ||
| 050 | _bF191 2009 | ||
| 100 | _aFalk, Laine | ||
| 245 | 0 | _aThis is the way we eat our food / | |
| 245 | 0 | _cby Laine Falk. | |
| 260 | _aNew York, New York : | ||
| 260 | _bChildren's Press, | ||
| 260 | _c2009 | ||
| 300 | _a24 pages : | ||
| 300 | _bcolored illustrations ; | ||
| 300 | _c20cm. | ||
| 440 | _aScholastic news nonfiction readers. | ||
| 500 | _a510L | ||
| 650 | _aFood habits. | ||
| 650 | _aFood. | ||
| 650 | _aInternational cooking. | ||
| 700 | _aSeries. | ||
| 700 | _aTitle. | ||
| 999 |
_c361032 _d361032 |
||